[Event "8 Player Open 10"]
[Site "SchemingMind.com"]
[Date "2014.08.29"]
[Round "-"]
[White "SAMAEL"]
[Black "Derek Price"]
[Result "0-1"]
[WhiteCountry "CAN"]
[BlackCountry "ENG"]
[WhiteElo "1548"]
[WhiteRD "46"]
[BlackElo "2321"]
[BlackRD "77"]
[GameID "363756"]

1. e4 c5 2. Nf3 d6 3. d3 Nc6 4. Nc3 e6 5. a3 Nf6 6. Be2 Be7 7. O-O O-O 8. h3 Qc7 9. Be3 a6 10. Na2 d5
11. exd5 Nxd5 12. Bd2 Nf4 13. Bxf4 Qxf4 14. Qd2 Nd4 15. Rad1 Bd6 16. Rfe1 Qxd2 17. Nxd2 Nxc2 18. Rf1 Nd4 19. Bf3 Nxf3+ 20. Nxf3 Rd8
21. Nc3 b6 22. Rfe1 Bb7 23. Nd2 Bc7
0-1

[Event "8 Player Open 10"]
[Site "SchemingMind.com"]
[Date "2014.08.28"]
[Round "-"]
[White "Derek Price"]
[Black "Simon Green"]
[Result "1-0"]
[WhiteCountry "ENG"]
[BlackCountry "ENG"]
[WhiteElo "2367"]
[WhiteRD "79"]
[BlackElo "1597"]
[BlackRD "56"]
[GameID "363757"]

1. e4 e6 2. d3 d5 3. Nd2 Nf6 4. Ngf3 c5 5. g3 d4 6. Bg2 Nc6 7. O-O e5 8. Nc4 Qc7 9. a4 a5 10. Nh4 Be6
11. Nf5 Bxc4 12. dxc4 Ne7 13. Re1 Nxf5 14. exf5 Bd6 15. Bg5 Nd7 16. Qg4 h6 17. Bh4 O-O 18. Bd5 Rae8 19. f6 g6 20. Qxg6+
1-0

[Event "8 Player Open 10"]
[Site "SchemingMind.com"]
[Date "2014.08.28"]
[Round "-"]
[White "Simon Green"]
[Black "Derek Price"]
[Result "0-1"]
[WhiteCountry "ENG"]
[BlackCountry "ENG"]
[WhiteElo "1597"]
[WhiteRD "56"]
[BlackElo "2367"]
[BlackRD "79"]
[GameID "363758"]

1. d4 d5 2. e3 c6 3. Bd3 Nf6 4. f4 e6 5. Nf3 Be7 6. O-O O-O 7. Nbd2 c5 8. c3 Nbd7 9. Ne5 Qc7 10. Qe1 b6
11. Ndf3 Bb7 12. Qh4 Nxe5 13. fxe5 Ne4 14. Qh3 f5 15. Bxe4 dxe4 16. Nd2 Rad8 17. a3 Qc6 18. Nc4 cxd4 19. Nd2 dxe3 20. Nb3 e2
21. Re1 Rd1 22. Be3 Rxa1 23. Nxa1 f4 24. Bf2 e3 25. Rxe2 exf2+ 26. Rxf2 Bc5
0-1

[Event "8 Player Open 10"]
[Site "SchemingMind.com"]
[Date "2014.08.28"]
[Round "-"]
[White "Derek Price"]
[Black "greghghs"]
[Result "1/2-1/2"]
[WhiteCountry "ENG"]
[BlackCountry "ENG"]
[WhiteElo "2321"]
[WhiteRD "77"]
[BlackElo "2110"]
[BlackRD "76"]
[GameID "363759"]

1. e4 e5 2. Nf3 Nc6 3. Bb5 a6 4. Ba4 Nf6 5. O-O Be7 6. Re1 b5 7. Bb3 O-O 8. a4 b4 9. d3 d6 10. a5 Be6
11. Nbd2 Qc8 12. h3 Rb8 13. Nc4 h6 14. Be3 Rd8 15. Qe2 Bf8 16. Nfd2 Qb7 17. Qf3 Kh7 18. Nf1 Ne7 19. Ng3 Ng6 20. Nh5 Ng8
21. Bd2 N8e7 22. Qg3 Nc6 23. Be3 Be7 24. Nd2 Qc8 25. Bd5 Qd7 26. c4 Rf8 27. Nf3 f5 28. exf5 Bxf5 29. d4 Rbe8 30. dxe5 Ncxe5
31. Nxe5 dxe5 32. Red1 Qc8 33. Bc6 Rd8 34. Rxd8 Rxd8 35. Bd5 Qd7 36. Rd1 Qa4 37. Re1 c6 38. Qf3=
1/2-1/2

[Event "8 Player Open 10"]
[Site "SchemingMind.com"]
[Date "2014.08.28"]
[Round "-"]
[White "greghghs"]
[Black "Derek Price"]
[Result "0-1"]
[WhiteCountry "ENG"]
[BlackCountry "ENG"]
[WhiteElo "2120"]
[WhiteRD "75"]
[BlackElo "2373"]
[BlackRD "84"]
[GameID "363760"]

1. e4 c5 2. Nf3 d6 3. d4 cxd4 4. Nxd4 Nf6 5. Nc3 a6 6. Be3 e6 7. g4 e5 8. Nf5 g6 9. g5 gxf5 10. exf5 d5
11. gxf6 d4 12. Bc4 Qc7 13. Qd3 dxe3 14. O-O-O exf2 15. Bxf7+ Kxf7 16. Qd5+ Kxf6 17. Ne4+ Ke7 18. f6+ Ke8 19. f7+ Ke7 20. Qd2 Qb6
21. Qg5+ Kxf7 22. Rhf1 Bh6 23. Rxf2+ Ke8 24. Rd8+ Qxd8 25. Qxh6 Qe7 26. Nf6+ Kd8 27. Rd2+ Bd7 28. Nd5 Qe6 29. Qh4+ Kc8 30. Ne7+ Kc7
31. Nd5+ Qxd5 32. Rxd5 Nc6 33. Qh6 Rad8 34. c4 Bf5 35. Qf6 Bg6 36. b4 Rhf8
0-1

[Event "8 Player Open 10"]
[Site "SchemingMind.com"]
[Date "2014.08.28"]
[Round "-"]
[White "Derek Price"]
[Black "dmlowrey"]
[Result "1-0"]
[WhiteCountry "ENG"]
[BlackCountry "USA"]
[WhiteElo "2367"]
[WhiteRD "79"]
[BlackElo "1452"]
[BlackRD "98"]
[GameID "363761"]

1. e4 c6 2. d4 d5 3. Nd2 dxe4 4. Nxe4 Nd7 5. Nf3 Ngf6 6. Ng3 e6 7. Bd3 Bd6 8. O-O O-O 9. Qe2 c5 10. Ne4 Nxe4
11. Qxe4 Qb6 12. Qxh7#
1-0

[Event "8 Player Open 10"]
[Site "SchemingMind.com"]
[Date "2014.08.28"]
[Round "-"]
[White "dmlowrey"]
[Black "Derek Price"]
[Result "0-1"]
[WhiteCountry "USA"]
[BlackCountry "ENG"]
[WhiteElo "1452"]
[WhiteRD "98"]
[BlackElo "2367"]
[BlackRD "79"]
[GameID "363762"]

1. d4 d5 2. Bf4 Nf6 3. Nf3 c5 4. e3 Nc6 5. c3 Qb6 6. Qb3 c4 7. Qxb6 axb6 8. Be2 Bf5 9. h3 e6 10. O-O h6
11. Nbd2 Be7 12. Ne5 Nxe5 13. dxe5 Ne4 14. Nxe4 Bxe4 15. Rab1 Bxb1 16. Rxb1 Rxa2 17. Bf1 b5 18. b3 b4 19. bxc4 bxc3 20. Rxb7 c2
21. e4 Bg5 22. Rb8+ Kd7 23. Rxh8 Bxf4 24. exd5 c1=Q
0-1

[Event "8 Player Open 10"]
[Site "SchemingMind.com"]
[Date "2014.08.28"]
[Round "-"]
[White "Kid A"]
[Black "Derek Price"]
[Result "0-1"]
[WhiteCountry "FIN"]
[BlackCountry "ENG"]
[WhiteElo "1943"]
[WhiteRD "67"]
[BlackElo "2358"]
[BlackRD "80"]
[GameID "363767"]

1. e4 c5 2. Nf3 d6 3. d4 cxd4 4. Nxd4 Nf6 5. Nc3 a6 6. Bg5 e6 7. f4 Be7 8. Qf3 h6 9. Bh4 Qc7 10. O-O-O Nbd7
11. Nb3 b5 12. a3 Bb7 13. Bd3 Nc5 14. Nxc5 dxc5 15. Rhe1 b4 16. axb4 cxb4 17. Nb1 O-O 18. Qe2 Qxf4+
0-1

[Event "8 Player Open 10"]
[Site "SchemingMind.com"]
[Date "2014.08.28"]
[Round "-"]
[White "Derek Price"]
[Black "Kid A"]
[Result "1-0"]
[WhiteCountry "ENG"]
[BlackCountry "FIN"]
[WhiteElo "2367"]
[WhiteRD "79"]
[BlackElo "1962"]
[BlackRD "70"]
[GameID "363768"]

1. e4 e5 2. Nf3 Nc6 3. Bb5 a6 4. Ba4 Nf6 5. O-O Be7 6. Re1 b5 7. Bb3 d6 8. c3 Bg4 9. d3 O-O 10. Nbd2 Na5
11. Bc2 c5 12. h3 Bh5 13. Nf1 h6 14. Ng3 Bg6 15. Nh4 Qd7 16. Bd2 Nc6 17. Bb3 Kh8 18. Ngf5 Kh7 19. a4 Rab8 20. axb5 axb5
21. Ra6 Ra8 22. Rxc6 Qxc6 23. Nxe7 Qd7 24. Nd5 Nxd5 25. Bxd5 Rac8 26. f4 exf4 27. Bxf4 Qe7 28. Qg4 Rcd8 29. Rf1 Rd7 30. Bxh6 gxh6
31. Nxg6 fxg6 32. Rxf8
1-0

[Event "8 Player Open 10"]
[Site "SchemingMind.com"]
[Date "2014.08.28"]
[Round "-"]
[White "Kid A"]
[Black "e7e5"]
[Result "1-0"]
[WhiteCountry "FIN"]
[BlackCountry "POL"]
[WhiteElo "1943"]
[WhiteRD "67"]
[BlackElo "1154"]
[BlackRD "211"]
[GameID "363769"]

1. e4 e5 2. Nf3 d6 3. Bc4 Bg4 4. c3 Bxf3 5. Qxf3 Nf6 6. d4 a6 7. a4 Nbd7 8. Bg5 h6 9. Bh4 exd4 10. cxd4 Be7
11. Nc3 O-O 12. Rd1 c6 13. O-O d5 14. Bd3 dxe4 15. Nxe4 Nxe4 16. Qxe4 f5 17. Qxe7 Qc7 18. Qe6+ Kh8 19. Bxf5 Rae8 20. Qxd7 Qf4
21. Bf6
1-0

[Event "8 Player Open 10"]
[Site "SchemingMind.com"]
[Date "2014.08.28"]
[Round "-"]
[White "e7e5"]
[Black "Kid A"]
[Result "0-1"]
[WhiteCountry "POL"]
[BlackCountry "FIN"]
[WhiteElo "1154"]
[WhiteRD "211"]
[BlackElo "1943"]
[BlackRD "67"]
[GameID "363770"]

1. e4 e5 2. Nf3 Nc6 3. Bb5 a6 4. Bxc6 dxc6 5. d3 Bd6 6. Bg5 Ne7 7. Nc3 Be6 8. O-O O-O 9. Bh4 Qd7 10. Ng5 Bg4
11. f3 Bh5 12. Qe2 f6 13. Nh3 Bf7 14. Bf2 Ng6 15. Rad1 b5 16. d4 Be6 17. Bg3 exd4 18. Rxd4 Bc5
0-1

[Event "8 Player Open 10"]
[Site "SchemingMind.com"]
[Date "2014.08.28"]
[Round "-"]
[White "Kid A"]
[Black "ray winteringham"]
[Result "1-0"]
[WhiteCountry "FIN"]
[BlackCountry "ENG"]
[WhiteElo "1962"]
[WhiteRD "70"]
[BlackElo "1518"]
[BlackRD "50"]
[GameID "363771"]

1. e4 e5 2. Nf3 Nc6 3. Bb5 d6 4. c3 Bd7 5. d4 a6 6. Ba4 Nf6 7. Nbd2 Be7 8. O-O O-O 9. h3 h6 10. Re1 b5
11. Bc2 exd4 12. cxd4 d5 13. a3 dxe4 14. Nxe4 Be6 15. Bf4 Bd6 16. Qd3 Bxf4 17. Nxf6+
1-0

[Event "8 Player Open 10"]
[Site "SchemingMind.com"]
[Date "2014.08.28"]
[Round "-"]
[White "ray winteringham"]
[Black "Kid A"]
[Result "0-1"]
[WhiteCountry "ENG"]
[BlackCountry "FIN"]
[WhiteElo "1518"]
[WhiteRD "50"]
[BlackElo "1962"]
[BlackRD "70"]
[GameID "363772"]

1. d4 d5 2. Nf3 Nf6 3. c4 e6 4. Bg5 Be7 5. g3 c5 6. Nc3 Nc6 7. dxc5 Qa5 8. Bg2 Qxc5 9. Be3 Qxc4 10. O-O O-O
11. Nd2 Qb4 12. Qc2 d4 13. a3 Qd6 14. Nb5 Qd8 15. Bg5 a6 16. Bxf6 Bxf6 17. Bxc6 bxc6 18. Nxd4 Qxd4 19. Qxc6 Bd7 20. Qc2 Rfc8
21. Qe4 Qxd2 22. Rfd1 Qxb2 23. Rab1 Bc6 24. Qxc6 Rxc6
0-1

[Event "8 Player Open 10"]
[Site "SchemingMind.com"]
[Date "2014.08.28"]
[Round "-"]
[White "Kid A"]
[Black "SAMAEL"]
[Result "1-0"]
[WhiteCountry "FIN"]
[BlackCountry "CAN"]
[WhiteElo "1972"]
[WhiteRD "74"]
[BlackElo "1548"]
[BlackRD "46"]
[GameID "363773"]

1. e4 e5 2. f4 d6 3. Nf3 Bg4 4. Bc4 exf4 5. d4 Be7 6. O-O Bh5 7. Bxf4 Nf6 8. Nc3 O-O 9. Qd2 Bg6 10. Rae1 Re8
11. e5 Nfd7 12. e6 Nb6 13. exf7+ Bxf7 14. Bxf7+ Kxf7 15. Ng5+ Kg8 16. Ne6 Qd7 17. Bh6 Bf8 18. Qg5 Nc6 19. Rxf8+ Rxf8 20. Bxg7 Rfe8
21. Bf6+
1-0

[Event "8 Player Open 10"]
[Site "SchemingMind.com"]
[Date "2014.08.28"]
[Round "-"]
[White "SAMAEL"]
[Black "Kid A"]
[Result "0-1"]
[WhiteCountry "CAN"]
[BlackCountry "FIN"]
[WhiteElo "1548"]
[WhiteRD "46"]
[BlackElo "1972"]
[BlackRD "74"]
[GameID "363774"]

1. d4 Nf6 2. Nf3 d5 3. e3 e6 4. h3 c5 5. Nc3 Nc6 6. a3 Be7 7. Be2 c4 8. O-O a6 9. Bd2 b5 10. Na2 Ne4
11. c3 Na5 12. Nc1 O-O 13. Be1 f5 14. Nd2 Bg5 15. Nxe4 fxe4 16. Bd2 Nc6 17. Na2 a5 18. Re1 Qf6
0-1

[Event "8 Player Open 10"]
[Site "SchemingMind.com"]
[Date "2014.08.29"]
[Round "-"]
[White "Kid A"]
[Black "Simon Green"]
[Result "1-0"]
[WhiteCountry "FIN"]
[BlackCountry "ENG"]
[WhiteElo "1962"]
[WhiteRD "70"]
[BlackElo "1597"]
[BlackRD "56"]
[GameID "363775"]

1. e4 e6 2. d4 d5 3. Nc3 Nf6 4. Bg5 Be7 5. e5 Nfd7 6. h4 Bxg5 7. hxg5 Qxg5 8. Nh3 Qd8 9. Nf4 Nc6 10. Qg4 O-O
11. Bd3 g6 12. Nxg6 f5 13. Qh5 Rf7 14. Bxf5 exf5 15. Nxd5 Ndxe5 16. Nge7+ Nxe7 17. Nf6+ Kf8 18. Qh6+
1-0

[Event "8 Player Open 10"]
[Site "SchemingMind.com"]
[Date "2014.08.29"]
[Round "-"]
[White "Simon Green"]
[Black "Kid A"]
[Result "0-1"]
[WhiteCountry "ENG"]
[BlackCountry "FIN"]
[WhiteElo "1597"]
[WhiteRD "56"]
[BlackElo "1962"]
[BlackRD "70"]
[GameID "363776"]

1. d4 Nf6 2. e3 d5 3. Bd3 e6 4. f4 c5 5. c3 Nc6 6. Nf3 Bd6 7. O-O c4 8. Bc2 a5 9. Nbd2 b5 10. Ne5 Bb7
11. Qe1 b4 12. Qg3 O-O 13. Ndf3 a4 14. Ng5 b3 15. axb3 axb3 16. Nexf7 Rxf7 17. Rxa8 Qxa8 18. Nxf7 Kxf7 19. Bd1 Ne7 20. Bf3 Qa1
21. Qg5 Nf5 22. Bh5+ g6 23. Bg4 h6
0-1

[Event "8 Player Open 10"]
[Site "SchemingMind.com"]
[Date "2014.08.28"]
[Round "-"]
[White "Kid A"]
[Black "greghghs"]
[Result "0-1"]
[WhiteCountry "FIN"]
[BlackCountry "ENG"]
[WhiteElo "1918"]
[WhiteRD "71"]
[BlackElo "2120"]
[BlackRD "75"]
[GameID "363777"]

1. e4 e5 2. Nf3 Nc6 3. Bc4 Bc5 4. b4 Bb6 5. c3 Nf6 6. a4 Nxe4 7. O-O Nxf2 8. Rxf2 Bxf2+ 9. Kxf2 e4 10. Qe2 d5
11. Bb3 O-O 12. Ne1 Ne5 13. Kg1 c6 14. d3 Ng4 15. Bf4 Re8 16. Nd2 Qf6 17. Bg3 Qxc3 18. Rb1 Bf5 19. dxe4 Bxe4 20. Nxe4 Rxe4
21. Qd3 Rxe1+
0-1

[Event "8 Player Open 10"]
[Site "SchemingMind.com"]
[Date "2014.08.28"]
[Round "-"]
[White "greghghs"]
[Black "Kid A"]
[Result "1-0"]
[WhiteCountry "ENG"]
[BlackCountry "FIN"]
[WhiteElo "2097"]
[WhiteRD "78"]
[BlackElo "1954"]
[BlackRD "73"]
[GameID "363778"]

1. e4 e5 2. Nf3 Nc6 3. Bb5 a6 4. Ba4 Nf6 5. O-O Be7 6. Re1 b5 7. Bb3 d6 8. c3 O-O 9. h3 Bb7 10. d4 Re8
11. Nbd2 Bf8 12. d5 Nb8 13. Nf1 Nbd7 14. N1h2 Nc5 15. Bc2 c6 16. b4 Ncd7 17. dxc6 Bxc6 18. Bg5 Qc7 19. Bxf6 Nxf6 20. Ng4 Nxg4
21. hxg4 Qd7 22. Bb3 h6 23. g5 g6 24. Qd2 h5 25. Rad1 Qg4 26. Qe3 Be7 27. c4 h4 28. Kh2 Kg7 29. c5 Rad8 30. Bd5 Bxd5
31. Rxd5 dxc5 32. Rxd8 Bxd8 33. bxc5 Rh8 34. Rd1 h3 35. g3 Be7 36. Rd5 f6 37. gxf6+ Bxf6 38. c6 Rc8 39. Rd7+ Kf8 40. Qh6+ Ke8
41. Qh7
1-0

[Event "8 Player Open 10"]
[Site "SchemingMind.com"]
[Date "2014.08.28"]
[Round "-"]
[White "Kid A"]
[Black "dmlowrey"]
[Result "1-0"]
[WhiteCountry "FIN"]
[BlackCountry "USA"]
[WhiteElo "1918"]
[WhiteRD "71"]
[BlackElo "1456"]
[BlackRD "85"]
[GameID "363779"]

1. e4 c6 2. d4 d5 3. e5 c5 4. dxc5 Nc6 5. Nf3 Bg4 6. Bb5 e6 7. Bf4 Qa5+ 8. Nc3 a6 9. Bxc6+ bxc6 10. a3 Qxc5
11. Be3 Qa5 12. b4 Qc7 13. O-O Be7 14. Na4 Bxf3 15. Qxf3 Qxe5 16. Rfe1 Bd6 17. g3 Nf6 18. Bf4 Qf5 19. Rad1 Bxf4 20. Rd4 Qxc2
21. Qxf4 Qxa4 22. Qd6 Ne4 23. Rexe4 Rd8 24. Rxe6+ fxe6 25. Qxe6+ Kf8 26. Rf4#
1-0

[Event "8 Player Open 10"]
[Site "SchemingMind.com"]
[Date "2014.08.28"]
[Round "-"]
[White "dmlowrey"]
[Black "Kid A"]
[Result "0-1"]
[WhiteCountry "USA"]
[BlackCountry "FIN"]
[WhiteElo "1547"]
[WhiteRD "80"]
[BlackElo "1972"]
[BlackRD "74"]
[GameID "363780"]

1. d4 d5 2. Bf4 Nf6 3. Nf3 e6 4. e3 c5 5. c4 Nc6 6. Nc3 cxd4 7. exd4 Bb4 8. Bd3 dxc4 9. Bc2 O-O 10. Ne5 Qa5
11. O-O Bxc3 12. bxc3 Nd5 13. Bd2 Nxe5 14. dxe5 Bd7 15. Re1 Rad8 16. Re4 b5 17. Rg4 f5 18. Rg3 Bc6 19. Bh6 Rf7 20. Rg5 Nxc3
21. Qh5 Be8 22. Qh4 Ne2+ 23. Kf1 Qc3 24. Rxg7+ Rxg7 25. Qxd8 Qxa1+ 26. Kxe2 Qxe5+ 27. Kf1 Qa1+ 28. Qd1 Qxd1+ 29. Bxd1 Rd7
0-1